Institucionální úpravy privatizace v nových spolkových zemích SRN a její formy.

Skúmanie prístupov k riešeniu reorganizácie národného majetku a privatizácie v etape transformácie východonemeckých spolkových krajín k sociálno trhovému systému. Úloha Treuhandanstaltu v transformačnom procese. Privatizácia a sanovanie podnikov.

Na minha lista:
Detalhes bibliográficos
Autor principal: Bezděková, M.
Formato: Capítulo de Livro
Idioma:tcheco
Assuntos:
Tags: Adicionar Tag
Sem tags, seja o primeiro a adicionar uma tag!

MARC

LEADER 00000naa a2200000 4500
001 r009696
005 20220831084629.5
041 0 |a cze 
044 |a [CS] 
245 1 0 |a Institucionální úpravy privatizace v nových spolkových zemích SRN a její formy.  |c M. Bezděková 
520 |a Skúmanie prístupov k riešeniu reorganizácie národného majetku a privatizácie v etape transformácie východonemeckých spolkových krajín k sociálno trhovému systému. Úloha Treuhandanstaltu v transformačnom procese. Privatizácia a sanovanie podnikov. 
610 2 0 |a privatizácia 
610 2 0 |a transformácia 
610 2 0 |a Nemecko 
610 2 0 |a východné Nemecko 
610 2 0 |a reformy hospodárske 
100 1 |a Bezděková, M.